Coca-Cola In Movies Quiz Stats

 Plays Quiz Updated Jun 29, 2014

Support Sporcle.
Go Orange.
Score 0/22 Timer 06:00
0 Plays Today
% Correct
Elf
98.4%
Dumb and Dumber
93.2%
The Blues Brothers
81.5%
The Hangover
78.5%
The Help
76.8%
The Fast and the Furious
74%
Million Dollar Baby
71%
Talladega Nights: The Ballad of Ricky Bobby
70%
Shaun of The Dead
62.8%
Ghostbusters
54.2%
Shark Tale
53.6%
% Correct
When Harry Met Sally
52.4%
Independence Day
52.2%
Freaky Friday
51.6%
Taxi Driver
39.1%
Blade Runner
39.1%
Scott Pilgrim Vs The World
37.1%
The Gods Must Be Crazy
32.5%
Ed Wood
30.8%
Zodiac
29.5%
The Outsiders
29.1%
Dr. Strangelove
22.3%

You're not logged in!

Compare scores with friends on all Sporcle quizzes.
OR
Log In

From the Vault

White-Themed Trivia

by tim_parr

“I did it for me. I liked it. I was good at it. And I was really… I was alive.”
Remove Ads.
Support Sporcle.
Get the best of Sporcle when you Go Orange. This ad-free experience offers more features, more stats, and more fun while also helping to support Sporcle. Thank you for becoming a member.

Show Comments

Extras

Top Quizzes Today


Score Distribution

Your Account Isn't Verified!

In order to create a playlist on Sporcle, you need to verify the email address you used during registration. Go to your Sporcle Settings to finish the process.

Report this User

Report this user for behavior that violates our Community Guidelines.

Details: